000
00264nam a2200121Ia 4500
008
190216s9999||||xx |||||||||||||| ||und||
100
_a
Haimann T
245
0
_a
Professional Management
260
_b
Null
_c
1977
300
_a
556p
650
_a
Commerce
942
_c
BK
999
_c
4279
_d
4279